000 003030000a22001090004500
090 _aAR
_b04419
245 1 0 _aPhragmipedium richteri
_sa natural hybrid sporadically seen in cultivation
041 0 _aInglés
100 1 _aChristenson, Eric A.
_998303
942 _cARTICULO
773 1 _tOrchids
_q210-213
_d2003
999 _c13517
_d13517